000 00527nam a2200205 i 4500
001 bg
100 1 _aFUKS, Tadeusz
245 0 _aRady narodowe ; Samorząd terytorialny /
_cTadeusz Fuks.
260 _aWarszawa :
_b"Książka i Wiedza",
_c1985.
300 _a269, [2] s. ;
_c20 cm.
490 1 _aInterpretacje
830 _aInterpretacje
020 _a8305115038
040 _cBPK
041 _apol
080 _a352/353(438)"19"
920 _a83-05-11503-8
942 _cKS
008 s pl f |000 0 pol
999 _c1286
_d1286
856 _uhttp://koha.tu.koszalin.pl/cgi-bin/koha/opac-detail.pl?biblionumber=1286
_yKatalog online BPK